Human Geography (Record no. 16935)
[ view plain ]
| 000 -LEADER | |
|---|---|
| fixed length control field | 00247nam a22001097a 4500 |
| 008 - FIXED-LENGTH DATA ELEMENTS--GENERAL INFORMATION | |
| fixed length control field | 140207t xxu||||| |||| 00| 0 eng d |
| 100 ## - MAIN ENTRY--PERSONAL NAME | |
| Personal name | Jerome Fellmann |
| 9 (RLIN) | 676 |
| 245 ## - TITLE STATEMENT | |
| Title | Human Geography |
| 250 ## - EDITION STATEMENT | |
| Edition statement | fifth Edi. |
| 300 ## - PHYSICAL DESCRIPTION | |
| Extent | 545 p. |
| 942 ## - ADDED ENTRY ELEMENTS (KOHA) | |
| Source of classification or shelving scheme | |
| Koha item type | Book |
| Withdrawn status | Lost status | Source of classification or shelving scheme | Damaged status | Not for loan | Collection code | Permanent Location | Current Location | Date acquired | Total Checkouts | Full call number | Barcode | Date last seen | Price effective from | Koha item type |
|---|---|---|---|---|---|---|---|---|---|---|---|---|---|---|
| Atta-ur-Rahman School of Applied Biosciences (ASAB) | Atta-ur-Rahman School of Applied Biosciences (ASAB) | 02/07/2014 | 304.2 GET | ASAB336 | 02/07/2014 | 02/07/2014 | Book | |||||||
| Atta-ur-Rahman School of Applied Biosciences (ASAB) | Atta-ur-Rahman School of Applied Biosciences (ASAB) | 02/07/2014 | 304.2 GET | ASAB335 | 01/19/2016 | 02/07/2014 | Book |
